[Event "17th Reykjavik op"]
[Site "Reykjavik ISL"]
[Date "1996.03.06"]
[Round "5.24"]
[White "Van Parreren, Hanneke"]
[Black "Thorarinsson, Pall"]
[Result "1/2-1/2"]
[WhiteElo "2180"]
[BlackElo "2065"]
[EventDate "1996.03.02"]
[PlyCount "123"]

1.d4 Nf6 2.c4 e6 3.g3 Bb4+ 4.Bd2 Qe7 5.Bg2 Nc6 6.Nf3 Bxd2+ 7.Nbxd2 d6 8.
O-O O-O 9.e4 e5 10.d5 Nb8 11.Ne1 a5 12.Nd3 Na6 13.Qe2 Nb4 14.Nf3 Bg4 15.b3
Bxf3 16.Bxf3 Nxd3 17.Qxd3 Nd7 18.Bg2 Nc5 19.Qc2 c6 20.Bh3 cxd5 21.cxd5 b5 
22.Rae1 Qa7 23.Kh1 g6 24.f4 f6 25.Rf3 b4 26.Ref1 exf4 27.gxf4 a4 28.Qc4 
axb3 29.axb3 Qa6 30.Qxb4 Rab8 31.Qc4 Qxc4 32.bxc4 Nxe4 33.Re3 f5 34.Bg2 
Nc5 35.Ra1 Rfe8 36.Rxe8+ Rxe8 37.Kg1 Rb8 38.Bf1 Kf7 39.Ra7+ Rb7 40.Ra8 Kg7
41.Rd8 Rd7 42.Rc8 h6 43.h4 Ra7 44.Rc6 Ra6 45.Rc7+ Kf6 46.Rc8 Ra1 47.Rd8 
Ne4 48.Kg2 Ra2+ 49.Kg1 Ke7 50.Rg8 Kf7 51.Rd8 Ra3 52.Bg2 Ke7 53.Rh8 Ra1+ 
54.Kh2 Nf6 55.Bf3 h5 56.Rc8 Ra5 57.Rc7+ Nd7 58.Kg3 Rc5 59.Rc6 Ra5 60.Rc7 
Ra3 61.Kf2 Ra5 62.Kg3 1/2-1/2

[Event "17th Reykjavik op"]
[Site "Reykjavik ISL"]
[Date "1996.03.06"]
[Round "5.27"]
[White "Schmied, Andreas"]
[Black "Berg, Bo"]
[Result "1/2-1/2"]
[WhiteElo "2155"]
[BlackElo "2085"]
[EventDate "1996.03.02"]
[PlyCount "57"]

1.d4 e6 2.Nf3 f5 3.g3 Be7 4.Bg2 Nf6 5.c4 d6 6.O-O O-O 7.Nc3 Qe8 8.b3 a5 9.
Qc2 Qg6 10.Ba3 Nc6 11.Rad1 Bd8 12.Qb1 Nb4 13.Bb2 Rb8 14.a3 Na6 15.Rde1 Bd7
16.e4 Nxe4 17.Nxe4 fxe4 18.Qxe4 Qxe4 19.Rxe4 b5 20.Bc1 bxc4 21.bxc4 c5 22.
Ng5 d5 23.cxd5 exd5 24.Re5 Bf6 25.Bxd5+ Kh8 26.Nf7+ Kg8 27.Nh6+ Kh8 28.
Nf7+ Kg8 29.Nh6+ 1/2-1/2

[Event "17th Reykjavik op"]
[Site "Reykjavik ISL"]
[Date "1996.03.06"]
[Round "5.28"]
[White "Gunnarsson, Arnar"]
[Black "Schubert, Hans-Joachim"]
[Result "1/2-1/2"]
[WhiteElo "2130"]
[BlackElo "2120"]
[EventDate "1996.03.02"]
[PlyCount "110"]

1.c4 f5 2.Nf3 e6 3.Nc3 Nf6 4.e3 b6 5.Be2 Bb7 6.O-O Be7 7.b3 O-O 8.Bb2 Ne4 
9.Rc1 Bf6 10.Qc2 Na6 11.Rfd1 Nxc3 12.Bxc3 Bxc3 13.Qxc3 Nc5 14.d3 a5 15.a3 
d6 16.b4 Nd7 17.d4 Nf6 18.d5 Ne4 19.Qc2 e5 20.c5 bxc5 21.bxc5 Ba6 22.cxd6 
cxd6 23.Bxa6 Rxa6 24.Nd2 Nxd2 25.Qxd2 f4 26.e4 f3 27.gxf3 Ra7 28.Rc3 Raf7 
29.Qe2 Qh4 30.Kh1 Qh3 31.Rdd3 Rf4 32.Qd1 Rb8 33.Rb3 Rbf8 34.a4 h6 35.Re3 
Kh7 36.Rec3 R8f7 37.Qg1 Qd7 38.Rb8 Rf8 39.Rxf8 Rxf8 40.Rb3 Qxa4 41.Rb7 Rg8
42.Qg4 Qc4 43.Kg2 a4 44.Ra7 Qb4 45.Qd7 a3 46.Qa4 Qd2 47.h4 Qf4 48.Qd7 Qxh4
49.Rxa3 Qg5+ 50.Qg4 Qe7 51.Qf5+ g6 52.Qh3 Rf8 53.Ra6 Kg7 54.Kf1 Rd8 55.Rc6
h5 1/2-1/2

[Event "17th Reykjavik op"]
[Site "Reykjavik ISL"]
[Date "1996.03.06"]
[Round "5.29"]
[White "Sigurjonsson, Stefan Thor"]
[Black "Halldorsson, Jon Arni"]
[Result "1/2-1/2"]
[WhiteElo "2125"]
[BlackElo "2160"]
[EventDate "1996.03.02"]
[PlyCount "33"]

1.e4 e6 2.d4 d5 3.Nc3 Bb4 4.e5 Qd7 5.a3 Bxc3+ 6.bxc3 b6 7.Nh3 Ba6 8.Bxa6 
Nxa6 9.Qg4 f5 10.exf6 Nxf6 11.Qe2 Nb8 12.Ng5 O-O 13.O-O Re8 14.Re1 Nc6 15.
Bf4 h6 16.Nf3 Ne4 17.Qd3 1/2-1/2

[Event "17th Reykjavik op"]
[Site "Reykjavik ISL"]
[Date "1996.03.06"]
[Round "5.31"]
[White "Ragnarsson, Johann"]
[Black "Gustafson, Dale"]
[Result "0-1"]
[WhiteElo "2130"]
[BlackElo "2090"]
[EventDate "1996.03.02"]
[PlyCount "110"]

1.d4 Nf6 2.c4 c5 3.d5 d6 4.Nc3 g6 5.Bg5 Bg7 6.e4 O-O 7.Qd2 a6 8.Bh6 Qa5 9.
Bxg7 Kxg7 10.f4 Nbd7 11.Nf3 b5 12.e5 dxe5 13.fxe5 Ng4 14.Qf4 b4 15.Nd1 f5 
16.h3 Nh6 17.Ng5 b3+ 18.Nc3 Nb6 19.e6 Rf6 20.Qc7 Ng8 21.Qf4 bxa2 22.Rxa2 
Qb4 23.Kf2 h6 24.h4 Bb7 25.g3 Qb3 26.Nf3 Rff8 27.Qc7 Rab8 28.Qe5+ Nf6 29.
h5 Kg8 30.Qf4 Ne4+ 31.Kg1 g5 32.Qe5 Nxc3 33.Nxg5 Nxc4 34.Bxc4 Qxc4 35.Rh4 
Qxd5 36.Qxd5 Nxd5 37.Nf7 Rxf7 38.exf7+ Kxf7 39.Rc4 Rc8 40.Ra3 Kf6 41.Ra5 
e6 42.Raxc5 Rxc5 43.Rxc5 Kg5 44.b4 Nxb4 45.Rc7 Bd5 46.Rg7+ Kxh5 47.Kf2 e5 
48.Ke3 a5 49.Ra7 Nc6 50.Rd7 Bb3 51.Rc7 Bd5 52.Rd7 Bh1 53.Rg7 a4 54.Rg8 a3 
55.Ra8 Nb4 0-1

[Event "17th Reykjavik op"]
[Site "Reykjavik ISL"]
[Date "1996.03.06"]
[Round "5.32"]
[White "Werner, Bernd-Michael"]
[Black "Kjeld, Matthias"]
[Result "1-0"]
[WhiteElo "2165"]
[BlackElo "2155"]
[EventDate "1996.03.02"]
[PlyCount "95"]

1.e4 c5 2.c4 Nc6 3.Nc3 Nf6 4.g3 e6 5.Bg2 d5 6.d3 dxc4 7.dxc4 Qxd1+ 8.Nxd1 
Nd4 9.Ne3 e5 10.h3 b5 11.Ne2 Bb7 12.Nxd4 cxd4 13.Nd5 Bxd5 14.cxd5 Rc8 15.
Kd1 Bd6 16.Bd2 O-O 17.Rc1 Rc4 18.Ke2 Rfc8 19.b3 Rxc1 20.Rxc1 Rxc1 21.Bxc1 
Ne8 22.Bd2 Kf8 23.h4 Ke7 24.Bh3 Ba3 25.Kd3 Bc5 26.f4 f6 27.a4 Nd6 28.h5 h6
29.Be6 Ba3 30.fxe5 fxe5 31.g4 Nb7 32.Bf5 Nc5+ 33.Kc2 b4 34.g5 hxg5 35.
Bxg5+ Kf7 36.Bg6+ Kf8 37.d6 d3+ 38.Kb1 a6 39.Be7+ Kg8 40.Bg5 Kf8 41.a5 d2 
42.Bxd2 Nb7 43.h6 gxh6 44.Bxh6+ Kg8 45.d7 Nd8 46.Bg5 Nc6 47.d8=Q+ Nxd8 48.
Bxd8 1-0

[Event "17th Reykjavik op"]
[Site "Reykjavik ISL"]
[Date "1996.03.07"]
[Round "6.1"]
[White "Tisdall, Jonathan"]
[Black "Agdestein, Simen"]
[Result "1-0"]
[WhiteElo "2510"]
[BlackElo "2585"]
[EventDate "1996.03.02"]
[PlyCount "105"]

1.Nf3 Nf6 2.c4 b6 3.g3 Bb7 4.Bg2 g6 5.b3 Bg7 6.Bb2 O-O 7.O-O e6 8.Nc3 d5 
9.cxd5 exd5 10.d4 Qe7 11.Rc1 Na6 12.Ne5 c5 13.f4 cxd4 14.Qxd4 Rfd8 15.e3 
Nc7 16.Rfe1 Ne6 17.Qa4 Nc5 18.Qb4 Nfd7 19.Na4 Nxe5 20.fxe5 Bf8 21.Nxc5 
bxc5 22.Qb5 Rab8 23.Qa5 Ba8 24.Ba3 Rdc8 25.Qc3 Qe6 26.Qa5 Qb6 27.Qd2 Re8 
28.Bb2 Rbd8 29.Qe2 Rc8 30.Rcd1 Qe6 31.Qd2 Red8 32.Qa5 Rd7 33.Qa4 Bg7 34.
Qf4 Re7 35.Qh4 Rcc7 36.Bh3 Qb6 37.Bg2 Qe6 38.Bh3 Qb6 39.Bg2 Bxe5 40.Bxe5 
Rxe5 41.Qd8+ Kg7 42.Qxa8 c4 43.bxc4 Rxe3 44.Rxe3 Qxe3+ 45.Kh1 dxc4 46.Qf3 
Qe5 47.Qe4 Qf6 48.Rf1 Qc3 49.Qf4 Re7 50.Bd5 f5 51.Qxc4 Qd2 52.Bf3 h5 53.
Qc5 1-0

[Event "17th Reykjavik op"]
[Site "Reykjavik ISL"]
[Date "1996.03.07"]
[Round "6.3"]
[White "Gretarsson, Helgi Ass"]
[Black "Gulko, Boris"]
[Result "1/2-1/2"]
[WhiteElo "2450"]
[BlackElo "2615"]
[EventDate "1996.03.02"]
[PlyCount "27"]

1.d4 d6 2.c4 e5 3.Nf3 Nd7 4.Nc3 Be7 5.e4 Ngf6 6.Be2 c6 7.Rb1 O-O 8.O-O a6 
9.b4 Qc7 10.Re1 Re8 11.Bf1 exd4 12.Nxd4 Bf8 13.Bf4 g6 14.Qd2 1/2-1/2

[Event "17th Reykjavik op"]
[Site "Reykjavik ISL"]
[Date "1996.03.07"]
[Round "6.4"]
[White "Hansen, Curt"]
[Black "Djurhuus, Rune"]
[Result "1/2-1/2"]
[WhiteElo "2615"]
[BlackElo "2505"]
[EventDate "1996.03.02"]
[PlyCount "102"]

1.c4 g6 2.d4 Bg7 3.e4 d6 4.Nc3 Nf6 5.Nf3 O-O 6.Be2 e5 7.O-O Nbd7 8.Be3 c6 
9.d5 c5 10.Ne1 Ne8 11.g4 $1 {Von Gelfand eingefuehrt. Diese Variante ist 
einer der Hauptgruende, weshalb 7 ..i bd7 heutzutage unpopulaer ist.} 
11...f5 ( 11...Qh4 $6 12.Kh1 Kh8 13.Rg1 Qe7 14.a3 Ndf6 15.b4 b6 16.Nd3 Ng8
17.a4 f5 {1-0 Gelfand,B-Ivanchuk,V/URS-chTJ Kramatorsk ;EXT 89ch 1989} ) (
11...Kh8 $5 $14 {Gelfand,B} ) 12.gxf5 gxf5 13.exf5 {[%csl Ge4] Jetzt zeigt
sich die Idee von 11.g4: Wei@: erhaelt das Feld e4.} 13...Ndf6 ( 13...Nb6 
14.Nf3 Bxf5 15.Ng5 Qe7 16.Kh1 Nf6 17.Rg1 Kh8 ( 17...e4 $5 {Knaak,R} ) 18.
Qd2 ( 18.Rg3 $5 {Knaak,R i i g1-i g2-i g1} ) 18...Bg6 19.Raf1 Nh5 20.Ne6 
Rf7 21.b3 Nd7 ( 21...Nf4 $8 {Knaak,R} ) 22.Bd3 $18 {
Kramnik,V-Knaak,R/Dortmund op-A (06) ;CBM 29 1992} ) 14.Bd3 Qe7 15.Qf3 Qf7
16.Kh1 Nh5 17.Rg1 Bxf5 18.Bxf5 Qxf5 19.Qxf5 Rxf5 20.Ne4 $14 {[%csl 
Ge4,Rd6][%cal Yg1g7] Wei@] hat einen soliden Vorteil (Feld e4, schwacher 
Bauer d6).} 20...Kh8 21.Nd3 Rd8 22.Rg5 Rxg5 23.Bxg5 Rd7 24.f3 Rf7 25.Kg2 
h6 26.Bd2 Kh7 27.b4 cxb4 28.Bxb4 Nf4+ 29.Nxf4 exf4 30.Re1 Be5 31.c5 Nc7 
32.cxd6 Nxd5 33.Bc5 b6 34.Rd1 Nf6 35.Nxf6+ Bxf6 36.Bd4 Bd8 37.Re1 Kg6 38.
Re6+ Kf5 39.Re5+ Kg6 40.Re6+ Kf5 41.Rxh6 Bg5 42.Rh5 Kg6 43.Rh8 Rd7 44.h4 
Rxd6 45.Rg8+ Kf7 46.Rg7+ Kf8 47.hxg5 Rxd4 48.Rxa7 Rd5 49.Ra4 Rxg5+ 50.Kf2 
Kg7 51.Rxf4 Ra5 1/2-1/2

[Event "17th Reykjavik op"]
[Site "Reykjavik ISL"]
[Date "1996.03.07"]
[Round "6.5"]
[White "Gausel, Einar"]
[Black "Rozentalis, Eduardas"]
[Result "1/2-1/2"]
[WhiteElo "2515"]
[BlackElo "2605"]
[EventDate "1996.03.02"]
[PlyCount "122"]

1.Nf3 Nf6 2.d4 e6 3.g3 d5 4.Bg2 Be7 5.O-O O-O 6.c4 dxc4 7.Qc2 a6 8.Qxc4 b5
9.Qc2 Bb7 10.Bf4 Nc6 11.Rd1 Nb4 12.Qc1 Qc8 13.Nbd2 c5 14.dxc5 Bxc5 15.Nb3 
Be7 16.Qxc8 Rfxc8 17.a3 Bd5 18.Nfd4 Bxg2 19.Kxg2 Nbd5 20.Rac1 Nxf4+ 21.
gxf4 g6 22.Nc6 Bf8 23.Ne5 Nd5 24.e3 Nb6 25.Na5 Rxc1 26.Rxc1 Rc8 27.Rxc8 
Nxc8 28.Nd7 Nd6 29.Nxf8 Kxf8 30.Kf3 Ke8 31.Ke2 Kd7 32.Kd3 Ke7 33.e4 Nc8 
34.Kd4 Nb6 35.f3 Nd7 36.b4 f6 37.h3 h6 38.f5 exf5 39.exf5 gxf5 40.f4 Nf8 
41.Nb3 Ne6+ 42.Ke3 Kd6 43.Nd4 Ng7 44.Kd3 Kd5 45.Ne2 Ne6 46.Nc3+ Kc6 47.Ne2
Kd6 48.Ke3 Nc7 49.Nc3 Na8 50.Kd4 Nb6 51.Ne2 Nd5 52.Kd3 Ne7 53.Nc3 h5 54.
Kd4 h4 55.Ke3 Nc8 56.Kd4 Nb6 57.Ne2 Nc4 58.a4 Kc6 59.Kc3 Nd6 60.axb5+ axb5
61.Kd3 Nc4 1/2-1/2

[Event "17th Reykjavik op"]
[Site "Reykjavik ISL"]
[Date "1996.03.07"]
[Round "6.6"]
[White "Olafsson, Helgi"]
[Black "Petursson, Margeir"]
[Result "1/2-1/2"]
[WhiteElo "2485"]
[BlackElo "2585"]
[EventDate "1996.03.02"]
[PlyCount "69"]

1.Nf3 d5 2.d4 Bf5 3.Bf4 e6 4.e3 Nd7 5.c4 c6 6.Nc3 Ngf6 7.Bd3 Bg6 8.O-O Be7
9.h3 O-O 10.Rc1 Re8 11.a3 a5 12.Re1 Bxd3 13.Qxd3 dxc4 14.Qxc4 Nb6 15.Qe2 
Nbd5 16.Bh2 Nxc3 17.Rxc3 Ne4 18.Rc2 a4 19.Rec1 Qd5 20.Ne1 Ra5 21.Nd3 Rea8 
22.f3 Nf6 23.Nc5 Rb5 24.Rc4 Bxc5 25.dxc5 e5 26.e4 Qe6 27.R1c3 Nd7 28.Bg3 
Qe7 29.Bf2 h6 30.Qc2 Raa5 31.Rb4 Kh7 32.Rcc4 Rxb4 33.axb4 Ra8 34.Rc3 Nf8 
35.Rd3 1/2-1/2

[Event "17th Reykjavik op"]
[Site "Reykjavik ISL"]
[Date "1996.03.07"]
[Round "6.7"]
[White "Hjartarson, Johann"]
[Black "Thorhallsson, Throestur"]
[Result "1-0"]
[WhiteElo "2570"]
[BlackElo "2445"]
[EventDate "1996.03.02"]
[PlyCount "92"]

1.c4 c6 2.d4 d5 3.Nc3 Nf6 4.e3 e6 5.Nf3 Nbd7 6.Bd3 dxc4 7.Bxc4 b5 8.Be2 
Bb7 9.O-O Be7 10.a3 $5 {A useful waiting move, with the aim of preventing 
c6-c5. Immediate advance in the center seems to be premature and has not 
caused Black any problmes of late.} ( 10.e4 b4 11.e5 bxc3 12.exf6 Nxf6 13.
bxc3 O-O 14.Rb1 Qc8 $1 15.Qb3 Ba6 16.Bxa6 Qxa6 17.Ne5 Bd6 18.Qc4 Qa5 $1 ( 
18...Qxc4 19.Nxc4 Bc7 20.Rb7 Nd5 21.Bd2 Rfb8 22.Rfb1 Rxb7 23.Rxb7 Rb8 24.
Rxb8+ Bxb8 25.Na5 Ne7 26.c4 $1 $14 ( 26.Kf1 Kf8 27.Ke2 Ke8 28.g3 Kd7 29.
Nb7 e5 $10 {Bareev,E-Novikov,I/Lvov zt ;CBM 18 1990/E-E (48)} ) 26...Bd6 
$6 ( 26...Kf8 $142 ) 27.Kf1 Kf8 28.Nb7 $1 $16 Bc7 29.Bb4 Bb6 30.Bd6 $1 
Bxd4 31.Na5 Bf6 32.Nxc6 a6 33.Nb8 $18 {Ryskin,A-Bashkov,V/Pardubice op 
(03) ;EXT 94op 1994/1-0 (62)} ) 19.Re1 {E-E 
Wells,P-Thorhallsson,T/Kopavogur ;EXP 41 1994} ( 19.Qxc6 Bxe5 20.dxe5 Qxe5
$10 ) ( 19.Nxc6 $6 Qh5 20.h3 Rfc8 $44 ) ) 10...a5 {This may seem to be 
strategically dubious, since the vital advance c6-c5 is hampered by the 
lack of protection of ib5. This fact however, is normally of little 
importance, since Black can often safely do this after the preliminary 
b5-b4. If White is able to prevent c6-c5, as in this game, Black s 
position may become strategically lost, due to the incarceration of ib7.} 
( 10...O-O $2 11.b4 a5 12.Rb1 $16 ) 11.Bd2 ( 11.e4 $6 b4 $10 12.axb4 axb4 
13.Rxa8 Qxa8 14.e5 bxc3 15.exf6 Nxf6 16.bxc3 O-O 17.Ne5 {E-E 
Khenkin,I-Kramnik,V/Chalkidiki (01) ;CBM 32 1992} ) ( 11.Qc2 O-O 12.Bd2 
Qb8 $1 $10 13.Ne4 $6 ( 13.Rfc1 $5 ) 13...Nxe4 14.Qxe4 c5 15.Qb1 Rd8 $1 16.
Rd1 h6 17.Be1 a4 $1 18.b3 Bd5 $15 {Speelman,J-Bareev,E/Hastings (06) ;CBM 
33 1992/0-1 (57)} ) 11...O-O 12.Qb3 $5 Qb8 $6 {Black may well have derived
this idea from Bareev s game above, but here it fails, since the White i 
is not exposed along the c-line. Stereotyped play is often dangerous, 
because ideas in chess, even the good ones s must always be applied in the
right context.} ( 12...Bd6 13.Ng5 $5 ( 13.Rfd1 $14 ) 13...Qe7 14.f4 Nd5 $2
( 14...b4 15.axb4 axb4 16.Na4 c5 $13 ) 15.Nce4 Bc7 16.Rac1 $16 {
Soffer,R-Grabliauskas,V/Berliner Sommer (04) ;EXP 47 1995/1-0 (51)} ) ( 
12...b4 {This is critical.} ) 13.Rfc1 $14 Rd8 $6 ( 13...b4 14.axb4 axb4 
15.Na4 Ne4 16.Be1 $14 ) ( 13...Rc8 $5 ) 14.Be1 {The advance c6-c5 is now 
effectively prevented and Black is left without a constructive plan.} 
14...h6 15.h3 Ra7 $6 16.Nd2 $1 a4 17.Qc2 e5 {White s careful manoeuvering 
has left his pieces slightly passive for the time being, but this is not 
harmful, because Black is unable to generate effective counterplay in 
order to take advantage of this, due to the unfortunate placement of his 
pieces on the i -side.} 18.Nf3 exd4 $5 19.Nxd4 $16 {xib7} 19...Nc5 20.Rd1 
Ra8 21.Bf3 Qc7 22.Rac1 Rac8 23.Nce2 {The regrouping of the White forces 
has been remarakbly swift.} 23...Nd5 24.Nf5 Nb3 $2 ( 24...Bf8 25.Neg3 $16 
) 25.Rxd5 $1 $18 {Typically, the fruits of successful strategic play is 
often enjoied by tactical means.} ( 25.Bxd5 $2 Rxd5 $1 26.Rxd5 Nxc1 $132 )
25...Nxc1 ( 25...Rxd5 26.Bxd5 Nxc1 27.Nxh6+ $1 Kf8 $8 ( 27...gxh6 28.Qg6+ 
Kh8 29.Bc3+ f6 30.Qxh6# ) 28.Qh7 Nxe2+ 29.Kf1 Ke8 30.Bxf7+ Kd7 31.Be6+ $1 
Kd6 ( 31...Kxe6 32.Qf5+ Kd6 33.Nf7# ) 32.Bxc8 Bxc8 33.Qxg7 Nc1 34.Qd4+ Ke6
35.Qg4+ Kd5 36.Qd1+ Ke6 37.Qxc1 $18 ) 26.Rxd8+ Rxd8 27.Nxe7+ Qxe7 28.Qxc1 
c5 29.Bxb7 Qxb7 30.Qxc5 Rd1 31.Kf1 Qb8 32.Nd4 Rb1 33.Nc6 Qe8 34.Qc2 Ra1 
35.Ke2 Qe6 36.Bb4 g6 37.Nd4 Qd5 38.Qc5 Qxc5 39.Bxc5 Ra2 40.Bb4 Rxb2+ 41.
Kf3 f5 42.Nxb5 Kf7 43.Nc3 Ke6 44.Nxa4 Rc2 45.Nc5+ Kd5 46.Nd3 g5 1-0

[Event "17th Reykjavik op"]
[Site "Reykjavik ISL"]
[Date "1996.03.07"]
[Round "6.8"]
[White "Lyrberg, Patrik"]
[Black "Van der Sterren, Paul"]
[Result "1/2-1/2"]
[WhiteElo "2425"]
[BlackElo "2535"]
[EventDate "1996.03.02"]
[PlyCount "92"]

1.Nf3 Nf6 2.g3 c5 3.Bg2 g6 4.O-O Bg7 5.d3 d5 6.Nbd2 O-O 7.e4 Nc6 8.Re1 e5 
9.a3 Re8 10.exd5 Nxd5 11.Ne4 b6 12.c4 Nc7 13.Rb1 a5 14.Bd2 Rb8 15.Qc2 h6 
16.Bc3 f5 17.Ned2 Qd6 18.Re2 Bd7 19.Rbe1 Re7 20.Qb1 Rbe8 21.Kf1 Kh7 22.Kg1
Na6 23.Nf1 Nc7 24.N1d2 a4 25.Nf1 Nd4 26.Nxd4 exd4 27.Rxe7 Rxe7 28.Bd2 g5 
29.h4 Bf6 30.hxg5 hxg5 31.Qd1 Kg6 32.g4 Rxe1 33.gxf5+ Bxf5 34.Bxe1 Be5 35.
Qe2 Bf4 36.Be4 Qe5 37.Bxf5+ Kxf5 38.Qd1 Ne6 39.Bd2 Bxd2 40.Nxd2 Nf4 41.Ne4
Kg6 42.Ng3 Qe6 43.Qf3 Qe1+ 44.Kh2 Qe8 45.Kg1 Qe6 46.Kf1 Kh6 1/2-1/2

[Event "17th Reykjavik op"]
[Site "Reykjavik ISL"]
[Date "1996.03.07"]
[Round "6.9"]
[White "Berg, Emanuel"]
[Black "Hector, Jonny"]
[Result "0-1"]
[WhiteElo "2180"]
[BlackElo "2520"]
[EventDate "1996.03.02"]
[PlyCount "134"]

1.e4 e5 2.Nf3 Nc6 3.d4 exd4 4.Nxd4 Qf6 5.Be3 Bc5 6.c3 Qg6 7.Nd2 Nf6 8.f3 
d5 9.Bb5 Bxd4 10.Bxd4 dxe4 11.O-O Bd7 12.Bxf6 Qxf6 13.Nxe4 Qf5 14.Bd3 Qf4 
15.Qc1 Qxc1 16.Raxc1 Ne5 17.Bc2 O-O-O 18.Rfe1 f6 19.Nc5 Bc6 20.Rcd1 g6 21.
Be4 Bxe4 22.Nxe4 Nd3 23.Re2 Rhe8 24.b3 Nf4 25.Rxd8+ Rxd8 26.Rd2 Rxd2 27.
Nxd2 Ne2+ 28.Kf2 Nxc3 29.a3 Kd7 30.Ke3 Ke6 31.Kd3 Nb5 32.Ne4 b6 33.a4 Nd6 
34.Nc3 c5 35.Ne2 Ke5 36.Nc3 g5 37.Nd1 h5 38.Nc3 h4 39.Nd1 Nf5 40.Nf2 Nd6 
41.Ng4+ Ke6 42.Nf2 a6 43.Nd1 b5 44.axb5 axb5 45.Ne3 Nf7 46.Ke4 Ne5 47.Nf5 
b4 48.Ng7+ Kd7 49.Kd5 c4 50.Ne6 cxb3 51.Nc5+ Ke7 52.Nxb3 h3 53.gxh3 Nxf3 
54.Kc4 Kd6 55.Kxb4 Kd5 56.Kc3 Ke4 57.Nc5+ Ke3 58.Kc4 Nxh2 59.Kd5 f5 60.Ke5
f4 61.Kf5 Nf1 62.Nd7 f3 63.Nf6 Ng3+ 64.Kg6 Ne4 65.Ng4+ Kf4 66.Nh2 f2 67.h4
g4 0-1

[Event "17th Reykjavik op"]
[Site "Reykjavik ISL"]
[Date "1996.03.07"]
[Round "6.11"]
[White "Bronstein, David"]
[Black "Gretarsson, Andri Ass"]
[Result "1-0"]
[WhiteElo "2455"]
[BlackElo "2330"]
[EventDate "1996.03.02"]
[PlyCount "55"]

1.d4 Nf6 2.Nf3 g6 3.c4 Bg7 4.Nc3 O-O 5.e4 d6 6.Be2 e5 7.d5 h6 $6 {Ein 
etwas merkwuerdiger Zug.} ( 7...a5 ) ( 7...Nbd7 ) ( 7...Na6 ) 8.h3 ( 8.O-O
$6 {spielt in die Haende des Schwarzen :} 8...Nh5 9.g3 Bh3 10.Re1 f5 {
Piket,J} ) 8...Nbd7 9.Be3 Nc5 10.Nd2 a5 11.g4 Ne8 12.h4 {[%csl Rg6,Rh6] 
Jetzt stellt ...h6 eine spuerbare Schwaechung dar.} 12...f5 13.gxf5 gxf5 
14.exf5 Bxf5 15.Nf1 $1 {Haette Wei@e dieses Man@s ver nicht, waere die 
Welt fuer Schwarz in Ordnung.} 15...Nf6 16.Ng3 Qd7 17.Rg1 Kh7 18.Qd2 Nce4 
$2 ( 18...e4 $5 ) 19.Nxf5 $18 Nxd2 ( 19...Qxf5 20.Bd3 ) 20.Rxg7+ Qxg7 21.
Nxg7 Kxg7 22.Kxd2 Ng8 23.Bg4 Rf7 24.Be6 Re7 25.c5 a4 26.cxd6 cxd6 27.Nb5 
Rd8 28.Bb6 1-0

[Event "17th Reykjavik op"]
[Site "Reykjavik ISL"]
[Date "1996.03.07"]
[Round "6.12"]
[White "Borge, Nikolaj"]
[Black "Jonasson, Benedikt"]
[Result "1-0"]
[WhiteElo "2455"]
[BlackElo "2280"]
[EventDate "1996.03.02"]
[PlyCount "81"]

1.e4 c5 2.Nf3 Nc6 3.d4 cxd4 4.Nxd4 g6 5.Nc3 Bg7 6.Be3 Nf6 7.Bc4 O-O 8.Bb3 
d6 9.f3 Bd7 10.Qe2 Nxd4 $6 ( 10...Na5 ) 11.Bxd4 Qa5 ( 11...a5 ) 12.O-O-O 
Rac8 13.Kb1 b5 ( 13...Rfe8 ) 14.Bxf6 exf6 15.Rxd6 Bc6 16.Qd2 Qc7 17.Rd3 a5
18.a4 bxa4 19.Bxa4 Bxa4 20.Nxa4 f5 21.exf5 Rb8 22.Rb3 Qc6 23.Qf4 Rbc8 24.
Rc1 gxf5 25.Rb6 Qd5 26.c4 Qd3+ 27.Ka2 Rfe8 28.Rb5 Re2 29.Rd5 Qe3 30.Qxe3 
Rxe3 31.Rc2 Be5 32.h3 Kf8 33.Nb6 Re8 34.Nd7+ Kg7 35.Nxe5 R3xe5 36.Rxe5 
Rxe5 37.c5 Re8 38.c6 Kf6 39.c7 Rc8 40.Ka3 Ke6 41.Ka4 1-0

[Event "17th Reykjavik op"]
[Site "Reykjavik ISL"]
[Date "1996.03.07"]
[Round "6.13"]
[White "Bjornsson, Bjorn Freyr"]
[Black "Raetsky, Alexander"]
[Result "0-1"]
[WhiteElo "2230"]
[BlackElo "2485"]
[EventDate "1996.03.02"]
[PlyCount "66"]

1.d4 d5 2.c4 dxc4 3.Nf3 Nf6 4.e3 e6 5.Bxc4 c5 6.O-O a6 7.dxc5 Bxc5 8.Qxd8+
Kxd8 9.Nbd2 Ke7 10.Nb3 Bd6 11.Rd1 b6 12.Bd2 Bb7 13.Nbd4 Nbd7 14.a4 Rac8 
15.Rdc1 Ne4 16.Be1 Rc7 17.Be2 Rhc8 18.Rxc7 Rxc7 19.Nd2 Nxd2 20.Bxd2 g6 21.
Bc3 Nf6 22.f4 Nd5 23.Bd2 Bc5 24.Bf3 Bxd4 25.exd4 Rc2 26.Bc1 Kd7 27.g4 a5 
28.b3 Rc3 29.Bd1 Rd3 30.Be2 Rxb3 31.Kf2 Rb4 32.Be3 Bc6 33.Bd1 Rb2+ 0-1

[Event "17th Reykjavik op"]
[Site "Reykjavik ISL"]
[Date "1996.03.07"]
[Round "6.14"]
[White "Karason, Askell Oern"]
[Black "Van der Werf, Mark"]
[Result "1/2-1/2"]
[WhiteElo "2230"]
[BlackElo "2400"]
[EventDate "1996.03.02"]
[PlyCount "85"]

1.d4 d5 2.c4 e6 3.Nc3 c6 4.Nf3 dxc4 5.a4 Bb4 6.e3 b5 7.Bd2 a5 8.Ne5 Nf6 9.
Qf3 Bxc3 10.bxc3 Qd5 11.Qg3 O-O 12.f3 Ne8 13.e4 Qd8 14.Be2 f6 15.Ng4 Nd7 
16.O-O Nb6 17.Rfb1 Nxa4 18.Bxc4 Nxc3 19.Bxc3 bxc4 20.Rb8 Rxb8 21.Qxb8 Nc7 
22.Nf2 Nb5 23.Bxa5 Qxd4 24.Rd1 Qa7 25.Qxa7 Nxa7 26.Bb6 Nb5 27.Rc1 c3 28.
Nd1 e5 29.Nxc3 Nd4 30.Rd1 Nb5 31.Nxb5 cxb5 32.Rd8 Rxd8 33.Bxd8 b4 34.Ba5 
b3 35.Bc3 Kf7 36.Kf2 Ke6 37.Ke3 Kd6 38.g3 Kc5 39.f4 Kc4 40.Bb2 exf4+ 41.
gxf4 Bh3 42.f5 Kb4 43.Kd2 1/2-1/2

[Event "17th Reykjavik op"]
[Site "Reykjavik ISL"]
[Date "1996.03.07"]
[Round "6.15"]
[White "Gulko, Anna"]
[Black "Gunnarsson, Jon Viktor"]
[Result "1/2-1/2"]
[WhiteElo "2385"]
[BlackElo "2180"]
[EventDate "1996.03.02"]
[PlyCount "64"]

1.d4 Nf6 2.c4 e6 3.Nc3 Bb4 4.e3 O-O 5.Bd3 c5 6.Nf3 d5 7.O-O Nc6 8.a3 Ba5 
9.Ne2 dxc4 10.Bxc4 Qe7 11.Qc2 Bc7 12.e4 cxd4 13.Nexd4 Nxd4 14.Nxd4 Bxh2+ 
15.Kxh2 Qd6+ 16.Kg1 Qxd4 17.Re1 Ng4 18.Bf4 e5 19.Bg3 Qb6 20.Qb3 Qg6 21.
Rad1 Be6 22.Bxe6 fxe6 23.f3 Ne3 24.Rxe3 Qxg3 25.Qxe6+ Kh8 26.Red3 h6 27.
Qh3 Qg5 28.Rc3 Rad8 29.Rxd8 Rxd8 30.Rc8 Qe3+ 31.Kh2 Qf4+ 32.Kh1 Qf8 
1/2-1/2

[Event "17th Reykjavik op"]
[Site "Reykjavik ISL"]
[Date "1996.03.07"]
[Round "6.17"]
[White "Vidarsson, Jon"]
[Black "Thorsson, Olafur"]
[Result "1-0"]
[WhiteElo "2340"]
[BlackElo "2160"]
[EventDate "1996.03.02"]
[PlyCount "111"]

1.e4 g6 2.d4 Bg7 3.Nc3 c6 4.Be3 Qb6 5.a3 d6 6.Nf3 Bg4 7.Be2 Nf6 8.d5 Qc7 
9.O-O Nbd7 10.h3 Bxf3 11.Bxf3 O-O 12.Re1 a6 13.a4 Qa5 14.Bd2 Rfc8 15.Ra3 
Rab8 16.Be2 cxd5 17.Nxd5 Qd8 18.Bc3 e6 19.Nxf6+ Bxf6 20.Qxd6 Bxc3 21.Rxc3 
Rxc3 22.bxc3 Rc8 23.Rd1 Rc7 24.h4 h5 25.Rd3 Qc8 26.Bxh5 Nc5 27.Re3 Nxa4 
28.Rg3 {White abandons the queenside and goes for a direct attack on the 
king, a decision which is wholly justified.} 28...Rxc3 29.Bf3 Rxc2 30.h5 
Qc7 31.Qd4 Rc1+ 32.Kh2 Qf4 33.Qd8+ Kg7 34.hxg6 fxg6 35.Qd7+ Kh6 36.Qxa4 
Rc7 37.Qd1 e5 38.Qd8 Rh7 39.Qd1 Rc7 40.Qd8 Rh7 41.Qd1 Rc7 42.Qd3 Rh7 43.
Qe3 Kg7+ 44.Kg1 Qf8 45.Qc3 Qd6 46.Qc1 Rh4 47.Be2 Rf4 48.Rd3 Qb6 49.Rd7+ 
Rf7 50.Rxf7+ Kxf7 51.Bc4+ Kg7 52.Bd5 a5 53.Qc3 Kf6 54.Qf3+ Kg5 55.Qg3+ Kf6
56.Qh4+ 1-0